| 000 | 00450nam a2200169Ia 4500 | ||
|---|---|---|---|
| 999 |
_c1103 _d1103 |
||
| 003 | OSt | ||
| 005 | 20200928122630.0 | ||
| 008 | 190216s9999||||xx |||||||||||||| ||und|| | ||
| 040 | _coclc | ||
| 082 |
_a580 _bNAR/O |
||
| 100 |
_aNarayanaswamy, R _91176 |
||
| 245 | 0 |
_aAn Outline Of Botany / _cR Narayanaswamy |
|
| 260 | _bAcademic Foundation, | ||
| 300 | _a888p | ||
| 650 | _aBotany | ||
| 942 |
_cBK _2ddc _h580 _iNAR/O _k580 _mNAR/O |
||